Are within-individual causes of delinquency the same as between-individual causes?
| VerfasserInnen: | ; ; ; |
|---|---|
| Medienart: | Elektronisch Aufsatz |
| Sprache: | Englisch |
| Veröffentlicht: |
2002
|
| In: |
Criminal behaviour and mental health
Jahr: 2002, Band: 12, Heft: 1, Seiten: 53-68 |
| Online-Zugang: |
Volltext (kostenfrei) Volltext (lizenzpflichtig) |
| Verfügbarkeit prüfen: | HBZ Gateway |
MARC
| LEADER | 00000caa a22000002c 4500 | ||
|---|---|---|---|
| 001 | 1912460211 | ||
| 003 | DE-627 | ||
| 005 | 20250125055036.0 | ||
| 007 | cr uuu---uuuuu | ||
| 008 | 241217s2002 xx |||||o 00| ||eng c | ||
| 024 | 7 | |a 10.1002/cbm.486 |2 doi | |
| 035 | |a (DE-627)1912460211 | ||
| 035 | |a (DE-599)KXP1912460211 | ||
| 040 | |a DE-627 |b ger |c DE-627 |e rda | ||
| 041 | |a eng | ||
| 084 | |a 2,1 |2 ssgn | ||
| 100 | 1 | |a Farrington, David |d 1944-2024 |e VerfasserIn |0 (DE-588)1033146951 |0 (DE-627)740055585 |0 (DE-576)160911001 |4 aut | |
| 109 | |a Farrington, David 1944-2024 |a Farrington, David P. 1944-2024 |a Farrington, D. P. 1944-2024 |a Farrington, David Philip 1944-2024 | ||
| 245 | 1 | 0 | |a Are within-individual causes of delinquency the same as between-individual causes? |
| 264 | 1 | |c 2002 | |
| 336 | |a Text |b txt |2 rdacontent | ||
| 337 | |a Computermedien |b c |2 rdamedia | ||
| 338 | |a Online-Ressource |b cr |2 rdacarrier | ||
| 700 | 1 | |a Anderson, Stewart |d 1955- |e VerfasserIn |0 (DE-588)102012413X |0 (DE-627)691115621 |0 (DE-576)359652468 |4 aut | |
| 700 | 1 | |a Yin, Yanming |e VerfasserIn |4 aut | |
| 700 | 1 | |a Loeber, Rolf |d 1942-2017 |e VerfasserIn |0 (DE-588)1024418804 |0 (DE-627)719842913 |0 (DE-576)16933886X |4 aut | |
| 773 | 0 | 8 | |i Enthalten in |t Criminal behaviour and mental health |d [Erscheinungsort nicht ermittelbar] : Wiley, 1991 |g 12(2002), 1, Seite 53-68 |h Online-Ressource |w (DE-627)326983686 |w (DE-600)2042697-5 |w (DE-576)112775241 |x 1471-2857 |7 nnas |
| 773 | 1 | 8 | |g volume:12 |g year:2002 |g number:1 |g pages:53-68 |
| 787 | 0 | 8 | |i Forschungsdaten |a Loeber, Rolf |t Pittsburgh Youth Study Oldest Sample (1987 - 2000) (Pittsburgh, Pennsylvania) |d [Erscheinungsort nicht ermittelbar] : [Verlag nicht ermittelbar], 2016 |w (DE-627)1840043458 |
| 856 | |u https://research.vu.nl/en/publications/e9c57e33-855a-42f5-82f2-3c3ba1d2032b |x unpaywall |z Vermutlich kostenfreier Zugang |h repository [deprecated] | ||
| 856 | 4 | 0 | |u https://doi.org/10.1002/cbm.486 |x Resolving-System |z kostenfrei |3 Volltext |7 0 |
| 856 | 4 | 0 | |u https://www.ncjrs.gov/app/publications/abstract.aspx?id=197701 |x Verlag |z lizenzpflichtig |3 Volltext |7 1 |
| 935 | |a mkri | ||
| 951 | |a AR | ||
| ELC | |a 1 | ||
| LOK | |0 000 xxxxxcx a22 zn 4500 | ||
| LOK | |0 001 4637425700 | ||
| LOK | |0 003 DE-627 | ||
| LOK | |0 004 1912460211 | ||
| LOK | |0 005 20241217044144 | ||
| LOK | |0 008 241217||||||||||||||||ger||||||| | ||
| LOK | |0 035 |a (DE-2619)ICPSR134723 | ||
| LOK | |0 040 |a DE-2619 |c DE-627 |d DE-2619 | ||
| LOK | |0 092 |o n | ||
| LOK | |0 852 |a DE-2619 | ||
| LOK | |0 852 1 |9 00 | ||
| LOK | |0 935 |a nacp | ||
| LOK | |0 939 |a 17-12-24 |b l01 | ||
| OAS | |a 1 | ||
| ORI | |a SA-MARC-krimdoka001.raw | ||
